000 00857cam a22002655a 4500
001 17886364
005 20180227144316.0
008 130507s2013 ii a frb f001 0 eng d
020 _a9780198075455
020 _a0198075456
040 _aDKAGE
_beng
_cDKAGE
_dYDXCP
_dUAB
_dBTCTA
_dDLC
_dEG-ScBUE
043 _aa-ii---
082 0 4 _a332.04240954
_222
_bSIK
100 1 _aSikdar, Soumyen.
245 1 0 _aCapital flows and exchange rate management /
_cSoumyen Sikdar.
260 _aNew Delhi :
_bOxford University Press,
_c2013.
300 _axiv, 135 p. :
_bill. ;
_c19 cm.
490 0 _aOxford India short introductions
504 _aIncludes bibliographical references and index.
650 7 _aCapital movements
_zIndia.
_2BUEsh
650 7 _aForeign exchange rates
_zIndia.
_2BUEsh
651 _2BUEsh
653 _bBUSECO
_cFebruary2018
942 _2ddc
999 _c26189
_d26161